00438nam a2200121 a 4500008004100000020001800041050001600059110002700075245012300102260004500225300001500270650003100285161014s2008 ||||||||||||||||| || u a9780713689327 aHD 62.7 Imp aImpetus Consulting Ltd10aGood green guide for small businesses: how to change the way your business works for bettercBy Impetus Consulting Ltd aLondonbA & C Black Publishers ltdc2008 avii, 184p. aSMALL BUSINESS--MANAGEMENT